000 00428nam a2200181Ia 4500
005 20240823015302.0
008 240823s9999||||xx |||||||||||||| ||und||
041 _aENGLISH
082 _A620.1 M4
100 _aJunnarkar S B
245 0 _aElements of Applied Mechanics
250 _a12th
260 _c1984
_b"Charotar,Anand"
500 _aTRANSFERED
650 _aMechanics
_bMechanical
942 _cBK
999 _c172071
_d172071